| 000 | 00523nam a2200133Ia 4500 | ||
|---|---|---|---|
| 008 | 260210s9999 xx 000 0 und d | ||
| 024 | _a09B-34-EE, 09B-25-EE, 09B-58-EE & 09B-30-EE | ||
| 082 | _a629.8932072 OME | ||
| 100 | _aOmer Farooq Ghias, Irfan Ali, Umar Qadeer & Jawad Ghazanfar | ||
| 245 | 0 | _aIndustrial Packet Sorting PLC Based Robotic Arm and its Complete Control System Through DC Motor | |
| 260 |
_aKarachi: _bUITU, _c2009 |
||
| 600 | _aElectronic Engineering | ||
| 650 | _aBachelor of Engineering (BE) | ||
| 999 |
_c33069 _d33069 |
||